Darvāze khol do. (Record no. 65789)

MARC details
000 -LEADER
fixed length control field 00536cam a22002291 4500
001 - CONTROL NUMBER
control field sa 65008684
003 - CONTROL NUMBER IDENTIFIER
control field DLC
005 - DATE AND TIME OF LATEST TRANSACTION
control field 20260227112156.0
008 - FIXED-LENGTH DATA ELEMENTS--GENERAL INFORMATION
fixed length control field 890619s1963 ii 000 0 urdr
010 ## - LIBRARY OF CONGRESS CONTROL NUMBER
LC control number sa 65008684
035 ## - SYSTEM CONTROL NUMBER
System control number (OCoLC)19890368
040 ## - CATALOGING SOURCE
Original cataloging agency DLC
Transcribing agency WaU
Modifying agency DLC
042 ## - AUTHENTICATION CODE
Authentication code premarc
050 00 - LIBRARY OF CONGRESS CALL NUMBER
Classification number PK2200.C5
Item number D25
100 1# - MAIN ENTRY--PERSONAL NAME
Personal name Chandar, Krishan.
245 10 - TITLE STATEMENT
Title Darvāze khol do.
260 ## - PUBLICATION, DISTRIBUTION, ETC.
Date of publication, distribution, etc. [1963]
300 ## - PHYSICAL DESCRIPTION
Extent 96 p.
Dimensions 18 cm.
500 ## - GENERAL NOTE
General note In Urdu.
500 ## - GENERAL NOTE
General note Text partially vocalized.
500 ## - GENERAL NOTE
General note A play.

No items available.

Powered by Koha